00911nam a2200193 i 450000100060000000300090000600500170001500700030003200800410003513000530007624501610012926000650029030000440035559901080039970000380050785200310054599900170057695201240059333757ES-MaACL20230906154820.0t|030203s1878 gw ||||1| ger d 0aBiblia. pN.T. pEvangelios. lAlemán.911930314aDas heilige Evangelium unseres Herrn Jesu Christi nach Mattahèaus, Markus, Lukas und Johannes übersetzt und erklèart / cvon Johannes Theodor Laurent. aFreiburg im Breisgau : bHerder'sche Verlagshandlum, c1878. aXXIX, XVII, 715 p., 1 lám. ; c24 cm. aLa h. de lám. grab. calc. que representa a la Virgen con el Niño: "Ittenbach pinxt, Kohlschein sc."1 aLaurent, Johannes Theodor.970632 aES-MaACLjC-4656 bR.24394 c33757d33757 001040708LIBXIXaATENEOMbATENEOMcSPALd2008-01-17eSCl0oC-4656p1035136r2023-02-23 00:00:00w2023-02-23yMONANT